[Event "FRA-chT2 1011"]
[Site "France"]
[Date "2010.11.13"]
[Round "2.4"]
[White "Lemasle, Raphael"]
[Black "Dupre, Mickael"]
[Result "1-0"]
[WhiteElo "2088"]
[BlackElo "2109"]
[PlyCount "97"]
[EventDate "2010.10.17"]
[EventType "team-tourn"]
[EventRounds "11"]
[EventCountry "FRA"]
[SourceTitle "EXT 2012"]
[Source "ChessBase"]
[SourceDate "2011.11.24"]
[SourceVersion "1"]
[SourceVersionDate "2011.11.24"]
[SourceQuality "1"]

1. e4 c5 2. c3 Nf6 3. e5 Nd5 4. d4 cxd4 5. Bc4 Nb6 6. Bb3 Nc6 7. cxd4 d5 8. Nc3 Bf5 9. Nge2 e6 10. h3 Be7 11. 0-0 0-0 12. g4 Bg6 13. Nf4 Qd7 14. Nxg6 fxg6 15. g5 Bd8 16. Be3 Nc8 17. Na4 b6 18. Rc1 N8e7 19. Qg4 Nf5 20. Nc3 a6 21. Ne2 b5 22. Rfd1 Bb6 23. Bc2 Nce7 24. h4 Rf7 25. Rd2 Raf8 26. Rcd1 Ba5 27. Rd3 Bb6 28. Nf4 Nc6 29. h5 Nxe3 30. fxe3 Nxe5 31. Qh3 Nxd3 32. Bxd3 Rxf4 33. hxg6 h6 34. exf4 Bxd4+ 35. Kh1 Bxb2 36. Rf1 Rc8 37. f5 e5 38. gxh6 gxh6 39. Qxh6 e4 40. f6 Bxf6 41. Rxf6 Qg7 42. Qg5 exd3 43. Qxd5+ Kh8 44. Rf5 Rc1+ 45. Kh2 Qc7+ 46. Kh3 Qc8 47. g7+ Kxg7 48. Qf7+ Kh8 49. Qh5+ 1-0

[Event "FRA-chT3 Gr5 0203"]
[Site "France"]
[Date "2002.10.13"]
[Round "1"]
[White "Dupre, Mickael"]
[Black "Le Roux, Jean Pierre"]
[Result "0-1"]
[WhiteElo "2115"]
[BlackElo "2345"]
[PlyCount "65"]
[EventDate "2002.12.09"]
[EventType "team"]
[EventRounds "9"]
[EventCountry "FRA"]
[SourceTitle "EXT 2004"]
[Source "ChessBase"]
[SourceDate "2003.11.25"]
[SourceVersion "1"]
[SourceVersionDate "2003.11.25"]
[SourceQuality "1"]

1. e4 c5 2. Nc3 e6 3. f4 a6 4. Nf3 b5 5. d4 cxd4 6. Nxd4 Bb7 7. a3 Qc7 8. Bd2 Nc6 9. Nb3 d6 10. Be2 Nf6 11. 0-0 Be7 12. Be3 0-0 13. Bf3 Rac8 14. g4 Na5 15. Nxa5 Qxa5 16. g5 Nd7 17. Rf2 b4 18. axb4 Qxb4 19. Rb1 Rc4 20. Na2 Qa5 21. b3 Rxe4 22. Bxe4 Bxe4 23. Qd4 Ba8 24. f5 exf5 25. c4 Ne5 26. b4 Qc7 27. Rbf1 Qc6 28. Qd5 Qc8 29. Qd4 f4 30. Rxf4 Qh3 31. R1f2 Bxg5 32. Rxf7 Rxf7 33. Bxg5 0-1

[Event "FRA-chT3 01"]
[Site "France"]
[Date "2001.01.14"]
[Round "5"]
[White "Dupre, Mickael"]
[Black "Le Roux, Jacques"]
[Result "0-1"]
[WhiteElo "2124"]
[BlackElo "1990"]
[PlyCount "100"]
[EventDate "2001.??.??"]
[EventType "team"]
[EventRounds "9"]
[EventCountry "FRA"]
[SourceTitle "EXT 2002"]
[Source "ChessBase"]
[SourceDate "2001.11.25"]
[SourceVersion "1"]
[SourceVersionDate "2001.11.25"]
[SourceQuality "1"]
[WhiteTeam "Yffiniac"]
[BlackTeam "Guingamp"]
[WhiteTeamCountry "FRA"]
[BlackTeamCountry "FRA"]

1. e4 c5 2. Nc3 d6 3. f4 Nc6 4. Nf3 e6 5. g3 a6 6. Bg2 g6 7. d4 cxd4 8. Nxd4 Bg7 9. Be3 Nge7 10. Qd2 Qc7 11. Rd1 Na5 12. Nce2 b5 13. 0-0 Nc4 14. Qc3 b4 15. Nxe6 bxc3 16. Nxc7+ Kd7 17. Nxa8 Nxe3 18. Nb6+ Kc7 19. Nxc8 Rxc8 20. Nxc3 Nxd1 21. Nxd1 Bd4+ 22. Kh1 Rd8 23. c3 Ba7 24. Re1 d5 25. exd5 Nxd5 26. a3 Nf6 27. Bf1 Ng4 28. h3 Rxd1 29. Re7+ Kc6 30. Rxa7 Rxf1+ 31. Kg2 Ne3+ 32. Kh2 Rf2+ 33. Kg1 Rg2+ 34. Kh1 Rxg3 35. Kh2 Rg2+ 36. Kh1 Rxb2 37. Rxa6+ Kd5 38. Ra7 Ke6 39. a4 Nd5 40. Ra6+ Ke7 41. Ra7+ Kf6 42. Ra6+ Kg7 43. f5 gxf5 44. c4 Ne3 45. Ra5 f4 46. Re5 Nxc4 47. Re4 f3 48. Rg4+ Kf8 49. Rf4 f2 50. Rf3 Ne3 0-1

[Event "Avoine op 15th"]
[Site "Avoine"]
[Date "2000.07.26"]
[Round "5"]
[White "Gerard, Nicolas"]
[Black "Dupre, Mickael"]
[Result "1-0"]
[WhiteElo "2312"]
[BlackElo "2124"]
[PlyCount "77"]
[EventDate "2000.07.03"]
[EventType "swiss"]
[EventRounds "9"]
[EventCountry "FRA"]
[SourceTitle "EXT 2001"]
[Source "ChessBase"]
[SourceDate "2000.11.22"]
[SourceVersion "1"]
[SourceVersionDate "2000.11.22"]
[SourceQuality "1"]

1. d4 Nf6 2. c4 e5 3. dxe5 Ng4 4. Bf4 Bb4+ 5. Nd2 d6 6. exd6 Qf6 7. Nh3 Nxf2 8. Kxf2 Bxh3 9. g3 Bxf1 10. Rxf1 Qd4+ 11. Kg2 Bxd6 12. Nf3 Qxd1 13. Rfxd1 Bxf4 14. gxf4 Nc6 15. e4 Rd8 16. Rd5 Ke7 17. a3 a5 18. Kf2 Rd6 19. Rb5 Rb8 20. Rg1 Kf8 21. Rh5 h6 22. Rd5 g6 23. Ke3 Rbd8 24. Rgd1 Ke7 25. R1d3 R6d7 26. e5 b6 27. Ke4 Ke6 28. Rd2 Ke7 29. h3 a4 30. f5 g5 31. f6+ Ke8 32. Kf5 Na5 33. e6 fxe6+ 34. Kxe6 Rd6+ 35. Rxd6 Rxd6+ 36. Rxd6 cxd6 37. f7+ Kf8 38. Nd4 Nxc4 39. Kf6 1-0

[Event "Bretagne op-A"]
[Site "Queven"]
[Date "1999.??.??"]
[Round "5"]
[White "Delaire, Eric"]
[Black "Dupre, Mickael"]
[Result "0-1"]
[WhiteElo "1710"]
[BlackElo "2110"]
[PlyCount "141"]
[EventDate "1999.06.??"]
[EventType "swiss"]
[EventRounds "7"]
[EventCountry "FRA"]
[SourceTitle "EXT 2001"]
[Source "ChessBase"]
[SourceDate "2000.11.22"]
[SourceVersion "1"]
[SourceVersionDate "2000.11.22"]
[SourceQuality "1"]

1. e4 Nf6 2. e5 Nd5 3. d4 d6 4. c4 Nb6 5. f4 Bf5 6. Nc3 dxe5 7. fxe5 e6 8. Be3 Bb4 9. Bd3 Bxd3 10. Qxd3 c5 11. d5 exd5 12. cxd5 Qxd5 13. 0-0-0 Qxd3 14. Rxd3 Bxc3 15. Rxc3 N8d7 16. Nf3 Nd5 17. Rd3 Nxe3 18. Rxe3 Nf8 19. Ng5 Ne6 20. Ne4 0-0 21. Nd6 b6 22. Rf1 Rad8 23. Ra3 Rd7 24. Nb5 Ra8 25. Rd1 Rxd1+ 26. Kxd1 a6 27. Nd6 Nd4 28. Nc4 b5 29. Nb6 Rd8 30. Rxa6 Nf3+ 31. Ke2 Nxe5 32. Ra8 Rxa8 33. Nxa8 Nc4 34. Nc7 Nd6 35. Nd5 Kf8 36. Kd3 Ke8 37. b4 cxb4 38. Nxb4 Kd7 39. Kd4 g5 40. Kd5 f6 41. Nd3 h5 42. Nc5+ Ke7 43. Nb3 h4 44. Nd4 Kd7 45. Kc5 g4 46. Nxb5 Nxb5 47. Kxb5 f5 48. Kc4 f4 49. Kd3 f3 50. g3 hxg3 51. hxg3 Kc6 52. Ke3 Kb5 53. Kf2 Kb4 54. Ke3 Ka3 55. Kf2 Kxa2 56. Ke3 Kb2 57. Kd2 Kb3 58. Kd3 Kb4 59. Kd2 Kc4 60. Ke3 Kc3 61. Kf2 Kd3 62. Kf1 Ke3 63. Ke1 f2+ 64. Kf1 Kd3 65. Kxf2 Kd2 66. Kf1 Ke3 67. Kg2 Ke2 68. Kg1 Kf3 69. Kh2 Kf2 70. Kh1 Kxg3 71. Kg1 0-1

[Event "Agneaux St Lo op 02nd"]
[Site "Agneaux"]
[Date "1998.??.??"]
[Round "?"]
[White "Dupre, Mickael"]
[Black "Videki, Sandor"]
[Result "0-1"]
[WhiteElo "2000"]
[BlackElo "2430"]
[PlyCount "42"]
[EventDate "1998.02.??"]
[EventType "swiss"]
[EventRounds "7"]
[EventCountry "FRA"]
[SourceTitle "EXT 2003"]
[Source "ChessBase"]
[SourceDate "2002.11.25"]
[SourceVersion "1"]
[SourceVersionDate "2002.11.25"]
[SourceQuality "1"]

1. e4 c5 2. Nc3 Nc6 3. g3 g6 4. Bg2 Bg7 5. d3 d6 6. Be3 e5 7. Qd2 Nge7 8. f4 Nd4 9. Nd1 b6 10. c3 Ndc6 11. c4 0-0 12. h4 exf4 13. Bxf4 Ne5 14. Nf2 N7c6 15. Ne2 Rb8 16. Bh6 Bxh6 17. Qxh6 Bg4 18. h5 g5 19. Bh3 Bxh3 20. Nxh3 f6 21. 0-0 Ng4 0-1